NCAA Basketball Champ States Quiz Stats

 Plays Quiz Updated Mar 17, 2017

Challenge
Share
Tweet
Score 0/24 Timer 02:00
7 Plays Today
% Correct
UCLA, San Francisco,
Cal, Stanford
97.3%
Florida
94.3%
Texas Western
93%
UNC, Duke, NC State
92.8%
CCNY,
Syracuse
87%
Michigan St,
Michigan
86.6%
Kentucky, Louisville
86.5%
Indiana
86.1%
Ohio St,
Cincinnati
85.5%
La Salle,
Villanova
81.7%
Arizona
80.5%
Loyola
77.7%
% Correct
Kansas
74%
Wisconsin,
Marquette
72.4%
UNLV
68.4%
Oklahoma A&M
64.2%
Maryland
62.2%
Oregon
60.6%
UConn
59.4%
Arkansas
55.1%
Holy Cross
50.2%
Utah
37.7%
Georgetown
33%
Wyoming
27.8%

You're not logged in!

Compare scores with friends on all Sporcle quizzes.
OR
Log In

You Might Also Like...

Show Comments

Extras

Top Quizzes Today


Score Distribution

Your Account Isn't Verified!

In order to create a playlist on Sporcle, you need to verify the email address you used during registration. Go to your Sporcle Settings to finish the process.

Report this User

Report this user for behavior that violates our Community Guidelines.

Details: